| 000 | 00794nam a22002777a 4500 | ||
|---|---|---|---|
| 003 | CHAP | ||
| 005 | 20220329140726.0 | ||
| 008 | 971013s1896 r 00010 d | ||
| 010 | _a56593 | ||
| 011 | _a57565 | ||
| 035 | _a61720 | ||
| 040 | _cCHAP | ||
| 082 |
_a338.10944 _bZ6 |
||
| 100 | 0 | 0 |
_aZolla, Daniel. _9124139 |
| 245 | _aEtudes d'economie rurale | ||
| 260 |
_aParis : _bMasson, _c1896 |
||
| 300 | _a436 p. | ||
| 590 |
_aBATCH-UPD _b10 _c20130110 _lUCH01 _h0835 |
||
| 590 |
_aBATCH-UPD _b10 _c20130410 _lUCH01 _h0513 |
||
| 590 |
_aCONVERSION _b10 _c20130109 _lUCH01 _h1330 |
||
| 650 | 1 | 4 |
_aAgricultura y socialismo. _92077 |
| 650 | 1 | 4 |
_aAgricultura _xAspectos economicos _xFrancia. _91247 |
| 901 | _aBK | ||
| 942 | _cLIBRO | ||
| 949 |
_a338.10944 Z6 _bBC _cBPP _d-132519 _eBPP _h132 _i61720 _si |
||
| 999 |
_c56593 _d56593 |
||